Where did these WNBA players go to college? - Statistics

General Stats
  • This quiz has been taken 160 times
  • The average score is 10 of 15
Answer Stats
Hint Answer % Correct
Caitlin Clark Iowa
98%
Breanna Stewart UConn
96%
Angel Reese LSU
91%
Allisha Gray South Carolina
85%
Sabrina Ionescu Oregon
84%
Jewell Loyd Notre Dame
78%
Jackie Young Notre Dame
78%
Kelsey Plum Washington
74%
Nneka Ogwumike Stanford
58%
Chelsea Gray Duke
53%
Ariel Atkins Texas
50%
Alyssa Thomas Maryland
46%
Natasha Howard Florida State
36%
Kahleah Copper Rutgers
30%
Dewanna Bonner Auburn
24%
No matching quizzes found
Score Distribution
Percent of People with Each Score
Percentile by Number Answered
Your Score History
You have not taken this quiz